[Event "SRI-ch"]
[Site "Colombo"]
[Date "2016.06.03"]
[Round "8"]
[White "De Silva, Elath Mathanga"]
[Black "Lamawansa, Yasas"]
[Result "0-1"]
[WhiteElo "1958"]
[BlackElo "2012"]
[PlyCount "110"]
[EventDate "2016.05.27"]
[EventType "tourn"]
[EventRounds "13"]
[EventCountry "SRI"]
[SourceTitle "CBM 172 Extra"]
[Source "ChessBase"]
[SourceDate "2016.06.21"]
[SourceVersion "1"]
[SourceVersionDate "2016.06.21"]
[SourceQuality "1"]

1. c4 e5 2. g3 Nc6 3. Bg2 f5 4. a3 Nf6 5. Nc3 g6 6. d3 Bg7 7. e4 d6 8. Nge2 0-0 9. 0-0 Be6 10. Nd5 Rb8 11. Bg5 Ne7 12. Qd2 c6 13. Nxf6+ Bxf6 14. Bxf6 Rxf6 15. Rac1 Qd7 16. d4 fxe4 17. dxe5 dxe5 18. Qxd7 Bxd7 19. Bxe4 Rbf8 20. Rc3 Bh3 21. Bg2 Bxg2 22. Kxg2 Nf5 23. h4 h5 24. c5 Rd8 25. Rc2 Rd5 26. Rfc1 Rf7 27. b4 Rfd7 28. Nc3 Rd2 29. Rxd2 Rxd2 30. Re1 Rd3 31. Ne4 Rxa3 32. Nf6+ Kf7 33. Nd7 Ke6 34. Nxe5 Ne3+ 35. fxe3 Kxe5 36. Kf3 Rb3 37. Rd1 Rxb4 38. Rd6 Kf5 39. e4+ Rxe4 40. Rd8 Rb4 41. Rf8+ Ke6 42. Re8+ Kf7 43. Ra8 a6 44. Ke3 Ke6 45. Rg8 Kf5 46. Kd3 a5 47. Ra8 Kg4 48. Rxa5 Kxg3 49. Kc3 Rb1 50. Ra4 Rc1+ 51. Kd4 Kxh4 52. Rb4 g5 53. Ke5+ g4 54. Kd6 Kh3 55. Rxb7 g3 0-1

[Event "SRI-chB"]
[Site "Colombo"]
[Date "2016.03.19"]
[Round "6"]
[White "Amarasinghe, AACB"]
[Black "Lamawansa, Yasas"]
[Result "1/2-1/2"]
[WhiteElo "1864"]
[BlackElo "2006"]
[PlyCount "64"]
[EventDate "2016.03.12"]
[EventType "swiss"]
[EventRounds "10"]
[EventCountry "SRI"]
[SourceTitle "CBM 171 Extra"]
[Source "ChessBase"]
[SourceDate "2016.04.26"]
[SourceVersion "1"]
[SourceVersionDate "2016.04.26"]
[SourceQuality "1"]

1. e4 c5 2. Nc3 d6 3. Bb5+ Bd7 4. Bxd7+ Qxd7 5. f4 Nc6 6. Nf3 g6 7. 0-0 Bg7 8. d3 Nf6 9. Qe1 0-0 10. h3 Rad8 11. Qh4 b6 12. f5 Nd4 13. Bh6 Nxf3+ 14. Rxf3 b5 15. g4 b4 16. Nd1 a5 17. Ne3 a4 18. Bxg7 Kxg7 19. g5 Nh5 20. f6+ exf6 21. gxf6+ Kh8 22. Nd5 Qe6 23. Kh1 Qe5 24. Rb1 Rde8 25. Ne7 Qe6 26. Rg1 Qxa2 27. Rf5 gxf5 28. Qg5 Rxe7 29. fxe7 Re8 30. Qxh5 Qe6 31. Qg5 Qg6 32. Qh4 Qe6 1/2-1/2

[Event "Asia-ch U18"]
[Site "Hikkaduwa"]
[Date "2012.06.26"]
[Round "1.6"]
[White "Navalgund, Niranjan"]
[Black "Lamawansa, Yasas"]
[Result "1/2-1/2"]
[WhiteElo "2192"]
[BlackElo "1933"]
[PlyCount "62"]
[EventDate "2012.06.26"]
[EventType "swiss"]
[EventRounds "9"]
[EventCountry "SRI"]
[SourceTitle "EXT 2024"]
[Source "ChessBase"]
[SourceDate "2023.10.10"]
[SourceVersion "1"]
[SourceVersionDate "2023.10.10"]
[SourceQuality "1"]

1. Nf3 Nf6 2. c4 g6 3. g3 Bg7 4. Bg2 d6 5. d4 0-0 6. 0-0 c6 7. Nc3 a6 8. a4 a5 9. h3 Qc7 10. e4 e5 11. Be3 Na6 12. Kh2 Re8 13. Re1 Nd7 14. Re2 Nf8 15. Rd2 f5 16. d5 c5 17. Ne1 Qe7 18. Nd3 Nb4 19. Re2 h5 20. Qd2 Nxd3 21. Qxd3 h4 22. Qd2 Nh7 23. Bh6 Bh8 24. Bf3 hxg3+ 25. fxg3 Qf6 26. Be3 f4 27. gxf4 exf4 28. Bf2 Ng5 29. Qd3 Nxh3 30. e5 dxe5 31. Ne4 Qf5 1/2-1/2

[Event "World ol U16 09th"]
[Site "Burdur"]
[Date "2010.11.28"]
[Round "3"]
[White "Lamawansa, Yasas"]
[Black "Iyti, Basher"]
[Result "0-1"]
[WhiteElo "1821"]
[BlackElo "2125"]
[PlyCount "64"]
[EventDate "2010.11.27"]
[EventType "team-swiss"]
[EventRounds "10"]
[EventCountry "TUR"]
[SourceTitle "CBM 139 Extra"]
[Source "ChessBase"]
[SourceDate "2011.01.05"]
[SourceVersion "1"]
[SourceVersionDate "2011.01.05"]
[SourceQuality "1"]
[WhiteTeam "Sri Lanka"]
[BlackTeam "Syria"]
[WhiteTeamCountry "SRI"]
[BlackTeamCountry "SYR"]

1. d4 Nf6 2. Bg5 c5 3. Bxf6 exf6 4. d5 Qb6 5. Qc1 Be7 6. e3 f5 7. Nd2 d6 8. Nc4 Qc7 9. a4 0-0 10. Bd3 Na6 11. c3 Qd7 12. Qd1 Nc7 13. Be2 b6 14. Bf3 Ba6 15. Na3 Bf6 16. Ne2 Rab8 17. Nf4 b5 18. Be2 b4 19. Nb1 bxc3 20. bxc3 Bxe2 21. Nxe2 Rfe8 22. 0-0 Re5 23. Nf4 g6 24. Qf3 Re4 25. Qd1 Qc8 26. Qc2 Re5 27. Rd1 Qa6 28. Na3 Re4 29. Nb5 Nxb5 30. axb5 Qxb5 31. Rdb1 Ra4 32. c4 Qb2 0-1